000 00215 a2200097 4500
001 737
100 _aCaver,W
245 _aSynthesis of linear communication network
260 _a
_bMcgrawhill
_c
090 _c333
_d333
942 _aNUST-CAE
_cM
_c25891
999 _c235810
_d235810